| 000 | 00730nam a22002057a 4500 | ||
|---|---|---|---|
| 999 |
_c12817 _d12817 |
||
| 003 | AR-CdUCM | ||
| 008 | 190410b ||||| |||| 00| 0 spa d | ||
| 040 |
_aMUNICIPALIDAD PROVINCIAL DEL CUSCO _cBIBLIOTECA MUNICIPAL DEL CUSCO |
||
| 082 |
_23ed. _a575.1 / _bL83 |
||
| 100 |
_aLoma, José Luis de la, _930894 |
||
| 245 | _aGenética general y aplicada / | ||
| 260 |
_aMéxico : _bUnión Tip. Hispano Americana, _c1946. |
||
| 300 |
_a752 paginas ; _bIlustraciones,gráficos, _c22 cm. |
||
| 505 | _aContenido :Genética general --Genética aplicada --Parte tercera, genética animal / | ||
| 650 |
_aGenética _95063 |
||
| 650 |
_aGeneral _919107 |
||
| 650 |
_aAplicada _922754 |
||
| 942 |
_2ddc _cLIBROS |
||
| 945 |
_arjall _d2019-04-10 |
||